000 00248nam a2200097Ia 4500
005 20251222114348.0
008 251222s1900||||xx |||||||||||||| ||spa||
082 _aDVD0070/A56/2003
245 0 _aEl camino de las nubes:O caminho das nuvens
942 _cDVD
999 _c1108
_d1108